Los efectos biológicos de la radiación atómica / (Record no. 177863)

MARC details
000 -LEADER
campo de control de longitud fija 00985nam a2200229 i 4500
001 - NÚMERO DE CONTROL
campo de control 177863
003 - IDENTIFICADOR DE NÚMERO DE CONTROL
campo de control ES-MaACL
005 - FECHA Y HORA DE LA ÚLTIMA TRANSACCIÓN
campo de control 20251220171939.0
008 - DATOS DE LONGITUD FIJA--INFORMACIÓN GENERAL
campo de control de longitud fija 110503s1958 mx |||| | spa d
080 ## - NÚMERO DE LA CLASIFICACIÓN DECIMAL UNIVERSAL
Número de la Clasificación Decimal Universal 539.12.047
245 04 - MENCIÓN DEL TÍTULO
Título Los efectos biológicos de la radiación atómica /
Mención de responsabilidad, etc. Academia Nacional de Ciencias de los Estados Unidos de Norteamérica.
260 ## - PUBLICACIÓN, DISTRIBUCIÓN, ETC.
Lugar de publicación, distribución, etc. México :
Nombre del editor, distribuidor, etc. Universidad Nacional de México,
Fecha de publicación, distribución, etc. 1958.
300 ## - DESCRIPCIÓN FÍSICA
Extensión p. 127-241 ;
Dimensiones 21 cm.
490 1# - MENCIÓN DE SERIE
Mención de serie Seminario de Problemas Científicos y Filosóficos. Suplementos ;
Designación de volumen o secuencia 2ª serie ;
-- 14
650 04 - PUNTO DE ACCESO ADICIONAL DE MATERIA--TÉRMINO DE MATERIA
Término de materia o nombre geográfico como elemento de entrada Radiactividad.
9 (RLIN) 16659
650 #7 - PUNTO DE ACCESO ADICIONAL DE MATERIA--TÉRMINO DE MATERIA
Término de materia o nombre geográfico como elemento de entrada Radiación-
Subdivisión general Efectos fisiológicos
Fuente del encabezamiento o término
9 (RLIN) 146347
710 2# - ENTRADA AGREGADA--NOMBRE DE ENTIDAD CORPORATIVA
Nombre de entidad corporativa o nombre de jurisdicción como elemento de entrada National Academy of Sciences (Estados Unidos)
9 (RLIN) 146346
710 2# - ENTRADA AGREGADA--NOMBRE DE ENTIDAD CORPORATIVA
Nombre de entidad corporativa o nombre de jurisdicción como elemento de entrada Universidad Nacional Autónoma de México.
9 (RLIN) 7397
830 0# - PUNTO DE ACCESO ADICIONAL DE SERIE-TÍTULO UNIFORME
Título uniforme Seminario de Problemas Científicos y Filosóficos. Suplementos
Designación de volumen o secuencia 2ª serie ;
-- 14
9 (RLIN) 190619
852 ## - LOCALIZACIÓN
Ubicación ES-MaACL
Número de control de estantería 2297-F-21
Encuadernación Olim P-902
Holdings
Estatus retirado Estado de pérdida Estado de daño No para préstamo Colección Biblioteca de origen Biblioteca actual Ubicación en estantería Fecha de adquisición Fuente de adquisición Total de préstamos Signatura topográfica completa Código de barras Visto por última vez Precio de reemplazo Tipo de ítem Koha
        Colección de folletos Biblioteca del Ateneo de Madrid Biblioteca del Ateneo de Madrid Depósito folletos 03/05/2011     2297-F-21 1186849 23/02/2023 23/02/2023 Folleto